000 00395cam a22001217a 4500
008 180718b1972 xxu||||| |||| 00| 0 eng d
082 _aA81x54 In2/71/2/Pt2A
100 _aCensus of India 1971
245 _aAndhra Pradesh: general population tables
260 _aDelhi
_bThe Manager of Publications
_c1972
300 _a369+p.
440 _acensus of India 1971. Series-2, Andhra Pradesh. Part II-A
999 _c484868
_d484868